000 00670nam a22002057a 4500
003 OSt
005 20230831103749.0
008 221006b |||||||| |||| 00| 0 eng d
040 _cBiblioteca Lado V
082 _a730
_bH116c
100 _9924
_aHabié, Lissie
_eautor
245 _aContrasentidos y otras Ironías/
260 _bMuseo Ixchel del Traje Indígena
_c2002
_aGuatemala
300 _c18x23cm
_a16p.
366 _espa
650 _2Tesauro de Arte & Arquitectura
_aARTE
_9703
650 _2Tesauro de Arte & Arquitectura
_aEXHIBICION
_9702
650 _2Tesauro de Arte & Arquitectura
_aESCULTURA
_9702
942 _2ddc
_c1
_h730
_iH116c
_n0
999 _c4259
_d4259